Statistics for I Heard It Through The Grapevine - Lyrics

Click here to take the quiz!

General Stats

  • This quiz has been taken 106 times
  • The average score is 202 of 300

Answer Stats

ANWER% Correct
I
100%
You
100%
you
100%
the
99%
grapevine)
97%
grapevine
97%
hear
97%
it
97%
It
97%
be
96%
through
94%
a
90%
(Heard
90%
Heard
90%
heard
90%
me
84%
to
81%
how
79%
your
79%
that
74%
That
74%
my
71%
know
69%
love
66%
mine
66%
Not
66%
(Not
66%
you're
66%
knew
65%
much
65%
Oh
65%
some
65%
'Bout
63%
honey
63%
honey,
63%
Honey,
63%
bet
60%
would
60%
But
59%
guy
59%
Do
57%
longer
57%
mind
57%
wondering'
57%
about
56%
before?
56%
before
56%
just
56%
more
56%
of
56%
other
54%
can't
53%
lose
53%
make
53%
man
53%
out
53%
When
53%
I'm
51%
plan
51%
see,
51%
see
51%
And
50%
yeah,
50%
yeah
50%
yeah)
50%
baby,
49%
Baby
49%
blue
49%
go
47%
took
47%
With
47%
by
46%
'Cause
46%
cry
46%
found
46%
Don'tcha
44%
say
44%
us
44%
supposed
43%
surprise
43%
these
43%
yesterday
43%
ain't
41%
inside
41%
someone
41%
else
40%
For
40%
mean
40%
must
40%
tears
40%
hold
38%
plans
38%
have
37%
two
37%
could
35%
guys
35%
Ooh,
35%
Ooh
35%
ooh,
35%
ooh)
35%
If
34%
told
34%
Between
32%
let
32%
life
32%
what
32%
Losin'
31%
loved
28%
yourself
28%
tell
26%
it's
25%
true
25%
end
19%
Instead
19%
please
19%
confused
16%
People
16%
Said,
15%
believe
13%
dear
13%
help
13%
bein'
12%
lettin'
10%
son
10%
half
9%
none
9%

Score Distribution

Percentile by Number Answered

Percent of People with Each Score

Your Score History

You have not taken this quiz